| Tag |
First Indicator |
Second Indicator |
Subfields |
| LEADER |
00000cas a2200000 a 4500 |
| 001 |
in00000009765 |
| 005 |
20151007051545.0 |
| 008 |
870219c19879999enkbxzp 0 a0eng d |
| 010 |
|
|
|a 92648929
|z sn 87041010
|
| 022 |
0 |
|
|a 0269-7491
|
| 030 |
|
|
|a ENPOEK
|
| 032 |
|
|
|a 006667
|b USPS
|
| 035 |
|
|
|a (OCoLC)ocm15211864
|
| 037 |
|
|
|b Elsevier Applied Science Publishers Ltd., Crown House, Linton Road, Barking, Essex IG11 8JU, England
|
| 040 |
|
|
|a AFM
|c AFM
|d UDI
|d NST
|d NSD
|d AGL
|d NST
|d NYG
|d NSD
|d NST
|d NSD
|d DLC
|d NLM
|d NSD
|d NST
|d NSD
|d NST
|d NSD
|d DLC
|d NST
|d DLC
|d GUA
|d NSD
|d WAU
|d CUS
|d UtOrBLW
|
| 042 |
|
|
|a lc
|a nsdp
|
| 049 |
|
|
|a TXAM
|
| 050 |
0 |
0 |
|a TD172
|b .E57
|
| 060 |
0 |
0 |
|a W1
|b EN984XFA
|
| 069 |
0 |
|
|a 8804476
|
| 069 |
1 |
|
|a SR0059680
|
| 070 |
0 |
|
|a QH545.A1E52
|
| 072 |
|
0 |
|a W000
|
| 082 |
0 |
0 |
|a 363.73/05
|2 20
|
| 130 |
0 |
|
|a Environmental pollution (Barking, London, England : 1987)
|
| 210 |
0 |
|
|a Environ. pollut.
|b (1987)
|
| 222 |
|
0 |
|a Environmental pollution
|b (1987)
|
| 245 |
1 |
0 |
|a Environmental pollution.
|
| 264 |
|
1 |
|a Barking, Essex, England :
|b Elsevier Applied Science Publishers,
|c 1987-
|
| 300 |
|
|
|a volumes :
|b illustrations ;
|c 24-30 cm.
|
| 310 |
|
|
|a Six vols. a year, 4 no. per v.
|
| 336 |
|
|
|a text
|b txt
|2 rdacontent
|
| 337 |
|
|
|a unmediated
|b n
|2 rdamedia
|
| 338 |
|
|
|a volume
|b nc
|2 rdacarrier
|
| 362 |
0 |
|
|a Vol. 43, no. 1-
|
| 510 |
2 |
|
|a Biological abstracts
|x 0006-3169
|b 1987-
|
| 510 |
2 |
|
|a Chemical abstracts
|x 0009-2258
|b 1987-
|
| 510 |
2 |
|
|a Computer & control abstracts
|x 0036-8113
|b 1987-1988
|
| 510 |
2 |
|
|a Electrical & electronics abstracts
|x 0036-8105
|b 1987-1988
|
| 510 |
2 |
|
|a Physics abstracts
|x 0036-8091
|b 1987-1988
|
| 510 |
0 |
|
|a Biological and agricultural index
|x 0006-3177
|
| 510 |
0 |
|
|a Current contents
|x 0090-0508
|
| 510 |
0 |
|
|a Environmental periodicals bibliography
|x 0145-3815
|
| 510 |
0 |
|
|a Index to research fronts in ISI/Geoscitech
|x 0734-0273
|
| 510 |
0 |
|
|a Science citation index
|x 0036-827X
|
| 525 |
|
|
|a Supplements accompany some issues
|
| 580 |
|
|
|a Formed by the union of: Environmental pollution. Series A, Ecological and biological; and: Environmental pollution. Series B, Chemical and physical.
|
| 530 |
|
|
|a Available also by subscription via the World Wide Web.
|
| 650 |
|
0 |
|a Pollution
|v Periodicals.
|
| 650 |
|
0 |
|a Pollution
|x Environmental aspects
|v Periodicals.
|
| 650 |
|
2 |
|a Environmental Pollution
|x periodicals.
|
| 780 |
1 |
4 |
|t Environmental pollution. Series A, Ecological and biological
|x 0143-1471
|w (DLC) 81643637
|w (OCoLC)6067650
|
| 780 |
1 |
4 |
|t Environmental pollution. Series B, Chemical and physical
|x 0143-148X
|w (DLC)sc 82003584
|w (OCoLC)6046138
|
| 948 |
|
|
|a MFHD URL added
|b h
|c 2002/8/6
|d c
|e bsurratt
|f 7:26:56 am
|
| 994 |
|
|
|a E0
|b TXA
|
| 999 |
|
|
|a MARS
|
| 999 |
f |
f |
|s c4dc4d6c-43bf-32b7-91ea-8c6b3b0ea166
|i a7c221fc-79d6-31b9-aa6b-fdb87ff432ab
|t 0
|
| 952 |
f |
f |
|p ric
|a Texas A&M University
|b Rellis Campus
|c Joint Library Facility
|d Remote Storage
|t 0
|e QP82.2.P6 E553
|h Library of Congress classification
|i unmediated -- volume
|k v.78
|l 1992
|m A14816128423
|
| 952 |
f |
f |
|p ric
|a Texas A&M University
|b Rellis Campus
|c Joint Library Facility
|d Remote Storage
|t 0
|e QP82.2.P6 E553
|h Library of Congress classification
|i unmediated -- volume
|k v.102:No.1:Supplement
|l 1998
|m A14823892512
|
| 952 |
f |
f |
|p ric
|a Texas A&M University
|b Rellis Campus
|c Joint Library Facility
|d Remote Storage
|t 0
|e QP82.2.P6 E553
|h Library of Congress classification
|i unmediated -- volume
|k v.43 -v.44
|l 1987-1987
|m A14811342991
|
| 952 |
f |
f |
|p ric
|a Texas A&M University
|b Rellis Campus
|c Joint Library Facility
|d Remote Storage
|t 0
|e QP82.2.P6 E553
|h Library of Congress classification
|i unmediated -- volume
|k v.80
|l 1993
|m A14817210215
|
| 952 |
f |
f |
|p ric
|a Texas A&M University
|b Rellis Campus
|c Joint Library Facility
|d Remote Storage
|t 0
|e QP82.2.P6 E553
|h Library of Congress classification
|i unmediated -- volume
|k v.104
|l 1999
|m A14825275148
|
| 952 |
f |
f |
|p ric
|a Texas A&M University
|b Rellis Campus
|c Joint Library Facility
|d Remote Storage
|t 0
|e QP82.2.P6 E553
|h Library of Congress classification
|i unmediated -- volume
|k v.111:no.3
|l 2001
|m A14827291857
|
| 952 |
f |
f |
|p ric
|a Texas A&M University
|b Rellis Campus
|c Joint Library Facility
|d Remote Storage
|t 0
|e QP82.2.P6 E553
|h Library of Congress classification
|i unmediated -- volume
|k v.93
|l 1996
|m A14820722027
|
| 952 |
f |
f |
|p ric
|a Texas A&M University
|b Rellis Campus
|c Joint Library Facility
|d Remote Storage
|t 0
|e QP82.2.P6 E553
|h Library of Congress classification
|i unmediated -- volume
|k v.85
|l 1994
|m A14818443510
|
| 952 |
f |
f |
|p ric
|a Texas A&M University
|b Rellis Campus
|c Joint Library Facility
|d Remote Storage
|t 0
|e QP82.2.P6 E553
|h Library of Congress classification
|i unmediated -- volume
|k v.81
|l 1993
|m A14817210168
|
| 952 |
f |
f |
|p ric
|a Texas A&M University
|b Rellis Campus
|c Joint Library Facility
|d Remote Storage
|t 0
|e QP82.2.P6 E553
|h Library of Congress classification
|i unmediated -- volume
|k v.118
|l 2002
|m A14830197088
|
| 952 |
f |
f |
|p ric
|a Texas A&M University
|b Rellis Campus
|c Joint Library Facility
|d Remote Storage
|t 0
|e QP82.2.P6 E553
|h Library of Congress classification
|i unmediated -- volume
|k v.106
|l 1999
|m A14826422803
|
| 952 |
f |
f |
|p ric
|a Texas A&M University
|b Rellis Campus
|c Joint Library Facility
|d Remote Storage
|t 0
|e QP82.2.P6 E553
|h Library of Congress classification
|i unmediated -- volume
|k v.98
|l 1997
|m A14823291986
|
| 952 |
f |
f |
|p ric
|a Texas A&M University
|b Rellis Campus
|c Joint Library Facility
|d Remote Storage
|t 0
|e QP82.2.P6 E553
|h Library of Congress classification
|i unmediated -- volume
|k v.72
|l 1991
|m A14815156245
|
| 952 |
f |
f |
|p ric
|a Texas A&M University
|b Rellis Campus
|c Joint Library Facility
|d Remote Storage
|t 0
|e QP82.2.P6 E553
|h Library of Congress classification
|i unmediated -- volume
|k Supplement:v.116:1
|l 2002
|m A14828586823
|
| 952 |
f |
f |
|p ric
|a Texas A&M University
|b Rellis Campus
|c Joint Library Facility
|d Remote Storage
|t 0
|e QP82.2.P6 E553
|h Library of Congress classification
|i unmediated -- volume
|k v.89
|l 1995
|m A14819393019
|
| 952 |
f |
f |
|p ric
|a Texas A&M University
|b Rellis Campus
|c Joint Library Facility
|d Remote Storage
|t 0
|e QP82.2.P6 E553
|h Library of Congress classification
|i unmediated -- volume
|k v.65 -v.66
|l 1990-1990
|m A14812928091
|
| 952 |
f |
f |
|p ric
|a Texas A&M University
|b Rellis Campus
|c Joint Library Facility
|d Remote Storage
|t 0
|e QP82.2.P6 E553
|h Library of Congress classification
|i unmediated -- volume
|k v.111:no.1-2
|l 2001
|m A14827291815
|
| 952 |
f |
f |
|p ric
|a Texas A&M University
|b Rellis Campus
|c Joint Library Facility
|d Remote Storage
|t 0
|e QP82.2.P6 E553
|h Library of Congress classification
|i unmediated -- volume
|k v.114
|l 2001
|m A14828542722
|
| 952 |
f |
f |
|p ric
|a Texas A&M University
|b Rellis Campus
|c Joint Library Facility
|d Remote Storage
|t 0
|e QP82.2.P6 E553
|h Library of Congress classification
|i unmediated -- volume
|k v.95
|l 1997
|m A14821978485
|
| 952 |
f |
f |
|p ric
|a Texas A&M University
|b Rellis Campus
|c Joint Library Facility
|d Remote Storage
|t 0
|e QP82.2.P6 E553
|h Library of Congress classification
|i unmediated -- volume
|k v.87
|l 1995
|m A14819075807
|
| 952 |
f |
f |
|p ric
|a Texas A&M University
|b Rellis Campus
|c Joint Library Facility
|d Remote Storage
|t 0
|e QP82.2.P6 E553
|h Library of Congress classification
|i unmediated -- volume
|k v.120:no.1-2
|l 2002
|m A14830197169
|
| 952 |
f |
f |
|p ric
|a Texas A&M University
|b Rellis Campus
|c Joint Library Facility
|d Remote Storage
|t 0
|e QP82.2.P6 E553
|h Library of Congress classification
|i unmediated -- volume
|k v.120:no.3
|l 2002
|m A14830197208
|
| 952 |
f |
f |
|p ric
|a Texas A&M University
|b Rellis Campus
|c Joint Library Facility
|d Remote Storage
|t 0
|e QP82.2.P6 E553
|h Library of Congress classification
|i unmediated -- volume
|k v.84
|l 1994
|m A14818768677
|
| 952 |
f |
f |
|p ric
|a Texas A&M University
|b Rellis Campus
|c Joint Library Facility
|d Remote Storage
|t 0
|e QP82.2.P6 E553
|h Library of Congress classification
|i unmediated -- volume
|k v.86
|l 1994
|m A14818819313
|
| 952 |
f |
f |
|p ric
|a Texas A&M University
|b Rellis Campus
|c Joint Library Facility
|d Remote Storage
|t 0
|e QP82.2.P6 E553
|h Library of Congress classification
|i unmediated -- volume
|k v.79:no.1-2
|l 1993
|m A14817180800
|
| 952 |
f |
f |
|p ric
|a Texas A&M University
|b Rellis Campus
|c Joint Library Facility
|d Remote Storage
|t 0
|e QP82.2.P6 E553
|h Library of Congress classification
|i unmediated -- volume
|k v.73:no.1,3/4
|l 1991
|m A14815321222
|
| 952 |
f |
f |
|p ric
|a Texas A&M University
|b Rellis Campus
|c Joint Library Facility
|d Remote Storage
|t 0
|e QP82.2.P6 E553
|h Library of Congress classification
|i unmediated -- volume
|k v.83
|l 1994
|m A14817238580
|
| 952 |
f |
f |
|p ric
|a Texas A&M University
|b Rellis Campus
|c Joint Library Facility
|d Remote Storage
|t 0
|e QP82.2.P6 E553
|h Library of Congress classification
|i unmediated -- volume
|k v.76
|l 1992
|m A14816129534
|
| 952 |
f |
f |
|p ric
|a Texas A&M University
|b Rellis Campus
|c Joint Library Facility
|d Remote Storage
|t 0
|e QP82.2.P6 E553
|h Library of Congress classification
|i unmediated -- volume
|k v.75
|l 1992
|m A14815335718
|
| 952 |
f |
f |
|p ric
|a Texas A&M University
|b Rellis Campus
|c Joint Library Facility
|d Remote Storage
|t 0
|e QP82.2.P6 E553
|h Library of Congress classification
|i unmediated -- volume
|k v.113
|l 2001
|m A14827892077
|
| 952 |
f |
f |
|p ric
|a Texas A&M University
|b Rellis Campus
|c Joint Library Facility
|d Remote Storage
|t 0
|e QP82.2.P6 E553
|h Library of Congress classification
|i unmediated -- volume
|k v.53
|l 1988
|m A14811635899
|
| 952 |
f |
f |
|p ric
|a Texas A&M University
|b Rellis Campus
|c Joint Library Facility
|d Remote Storage
|t 0
|e QP82.2.P6 E553
|h Library of Congress classification
|i unmediated -- volume
|k v.68
|l 1990
|m A14812875832
|
| 952 |
f |
f |
|p ric
|a Texas A&M University
|b Rellis Campus
|c Joint Library Facility
|d Remote Storage
|t 0
|e QP82.2.P6 E553
|h Library of Congress classification
|i unmediated -- volume
|k 109
|l 2000
|m A14826422683
|
| 952 |
f |
f |
|p ric
|a Texas A&M University
|b Rellis Campus
|c Joint Library Facility
|d Remote Storage
|t 0
|e QP82.2.P6 E553
|h Library of Congress classification
|i unmediated -- volume
|k v.69
|l 1991
|m A14814673163
|
| 952 |
f |
f |
|p ric
|a Texas A&M University
|b Rellis Campus
|c Joint Library Facility
|d Remote Storage
|t 0
|e QP82.2.P6 E553
|h Library of Congress classification
|i unmediated -- volume
|k v.56
|l 1989
|m A14811928137
|
| 952 |
f |
f |
|p ric
|a Texas A&M University
|b Rellis Campus
|c Joint Library Facility
|d Remote Storage
|t 0
|e QP82.2.P6 E553
|h Library of Congress classification
|i unmediated -- volume
|k v.82
|l 1993
|m A14817903559
|
| 952 |
f |
f |
|p ric
|a Texas A&M University
|b Rellis Campus
|c Joint Library Facility
|d Remote Storage
|t 0
|e QP82.2.P6 E553
|h Library of Congress classification
|i unmediated -- volume
|k v.94
|l 1996
|m A14821110427
|
| 952 |
f |
f |
|p ric
|a Texas A&M University
|b Rellis Campus
|c Joint Library Facility
|d Remote Storage
|t 0
|e QP82.2.P6 E553
|h Library of Congress classification
|i unmediated -- volume
|k v.90
|l 1995
|m A14820114038
|
| 952 |
f |
f |
|p ric
|a Texas A&M University
|b Rellis Campus
|c Joint Library Facility
|d Remote Storage
|t 0
|e QP82.2.P6 E553
|h Library of Congress classification
|i unmediated -- volume
|k v.92
|l 1996
|m A14820721974
|
| 952 |
f |
f |
|p ric
|a Texas A&M University
|b Rellis Campus
|c Joint Library Facility
|d Remote Storage
|t 0
|e QP82.2.P6 E553
|h Library of Congress classification
|i unmediated -- volume
|k v.51 -v.52
|l 1988-1988
|m A14811620006
|
| 952 |
f |
f |
|p ric
|a Texas A&M University
|b Rellis Campus
|c Joint Library Facility
|d Remote Storage
|t 0
|e QP82.2.P6 E553
|h Library of Congress classification
|i unmediated -- volume
|k v.119
|l 2002
|m A14830197127
|
| 952 |
f |
f |
|p ric
|a Texas A&M University
|b Rellis Campus
|c Joint Library Facility
|d Remote Storage
|t 0
|e QP82.2.P6 E553
|h Library of Congress classification
|i unmediated -- volume
|k v.77
|l 1992
|m A14816128415
|
| 952 |
f |
f |
|p ric
|a Texas A&M University
|b Rellis Campus
|c Joint Library Facility
|d Remote Storage
|t 0
|e QP82.2.P6 E553
|h Library of Congress classification
|i unmediated -- volume
|k v.49 -v.50
|l 1988-1988
|m A14811541391
|
| 952 |
f |
f |
|p ric
|a Texas A&M University
|b Rellis Campus
|c Joint Library Facility
|d Remote Storage
|t 0
|e QP82.2.P6 E553
|h Library of Congress classification
|i unmediated -- volume
|k v.47 -v.48
|l 1987-1987
|m A14811373201
|
| 952 |
f |
f |
|p ric
|a Texas A&M University
|b Rellis Campus
|c Joint Library Facility
|d Remote Storage
|t 0
|e QP82.2.P6 E553
|h Library of Congress classification
|i unmediated -- volume
|k v.63
|l 1990
|m A14812900768
|
| 952 |
f |
f |
|p ric
|a Texas A&M University
|b Rellis Campus
|c Joint Library Facility
|d Remote Storage
|t 0
|e QP82.2.P6 E553
|h Library of Congress classification
|i unmediated -- volume
|k v.117
|l 2002
|m A14828586239
|
| 952 |
f |
f |
|p ric
|a Texas A&M University
|b Rellis Campus
|c Joint Library Facility
|d Remote Storage
|t 0
|e QP82.2.P6 E553
|h Library of Congress classification
|i unmediated -- volume
|k v.110:no.1-2
|l 2000
|m A14825967127
|
| 952 |
f |
f |
|p ric
|a Texas A&M University
|b Rellis Campus
|c Joint Library Facility
|d Remote Storage
|t 0
|e QP82.2.P6 E553
|h Library of Congress classification
|i unmediated -- volume
|k v.116
|l 2002
|m A14828586271
|
| 952 |
f |
f |
|p ric
|a Texas A&M University
|b Rellis Campus
|c Joint Library Facility
|d Remote Storage
|t 0
|e QP82.2.P6 E553
|h Library of Congress classification
|i unmediated -- volume
|k v.64
|l 1990
|m A14812902833
|
| 952 |
f |
f |
|p ric
|a Texas A&M University
|b Rellis Campus
|c Joint Library Facility
|d Remote Storage
|t 0
|e QP82.2.P6 E553
|h Library of Congress classification
|i unmediated -- volume
|k 108
|l 2000
|m A14826422722
|
| 952 |
f |
f |
|p ric
|a Texas A&M University
|b Rellis Campus
|c Joint Library Facility
|d Remote Storage
|t 0
|e QP82.2.P6 E553
|h Library of Congress classification
|i unmediated -- volume
|k v.45 -v.46
|l 1987-1987
|m A14811342941
|
| 952 |
f |
f |
|p ric
|a Texas A&M University
|b Rellis Campus
|c Joint Library Facility
|d Remote Storage
|t 0
|e QP82.2.P6 E553
|h Library of Congress classification
|i unmediated -- volume
|k v.96
|l 1997
|m A14821978435
|
| 952 |
f |
f |
|p ric
|a Texas A&M University
|b Rellis Campus
|c Joint Library Facility
|d Remote Storage
|t 0
|e QP82.2.P6 E553
|h Library of Congress classification
|i unmediated -- volume
|k v.110:no.3
|l 2000
|m A14825966888
|
| 952 |
f |
f |
|p ric
|a Texas A&M University
|b Rellis Campus
|c Joint Library Facility
|d Remote Storage
|t 0
|e QP82.2.P6 E553
|h Library of Congress classification
|i unmediated -- volume
|k v.121
|l 2003
|m A14830197240
|
| 952 |
f |
f |
|p ric
|a Texas A&M University
|b Rellis Campus
|c Joint Library Facility
|d Remote Storage
|t 0
|e QP82.2.P6 E553
|h Library of Congress classification
|i unmediated -- volume
|k v.101
|l 1998
|m A14823894815
|
| 952 |
f |
f |
|p ric
|a Texas A&M University
|b Rellis Campus
|c Joint Library Facility
|d Remote Storage
|t 0
|e QP82.2.P6 E553
|h Library of Congress classification
|i unmediated -- volume
|k v.102
|l 1998
|m A14823894865
|
| 952 |
f |
f |
|p ric
|a Texas A&M University
|b Rellis Campus
|c Joint Library Facility
|d Remote Storage
|t 0
|e QP82.2.P6 E553
|h Library of Congress classification
|i unmediated -- volume
|k v.55
|l 1988
|m A14811936936
|
| 952 |
f |
f |
|p ric
|a Texas A&M University
|b Rellis Campus
|c Joint Library Facility
|d Remote Storage
|t 0
|e QP82.2.P6 E553
|h Library of Congress classification
|i unmediated -- volume
|k v.91
|l 1996
|m A14820114020
|
| 952 |
f |
f |
|p ric
|a Texas A&M University
|b Rellis Campus
|c Joint Library Facility
|d Remote Storage
|t 0
|e QP82.2.P6 E553
|h Library of Congress classification
|i unmediated -- volume
|k v.112
|l 2001
|m A14827892035
|
| 952 |
f |
f |
|p ric
|a Texas A&M University
|b Rellis Campus
|c Joint Library Facility
|d Remote Storage
|t 0
|e QP82.2.P6 E553
|h Library of Congress classification
|i unmediated -- volume
|k v.61 -v.62
|l 1989-1989
|m A14812087251
|
| 952 |
f |
f |
|p ric
|a Texas A&M University
|b Rellis Campus
|c Joint Library Facility
|d Remote Storage
|t 0
|e QP82.2.P6 E553
|h Library of Congress classification
|i unmediated -- volume
|k v.88
|l 1995
|m A14819075857
|
| 952 |
f |
f |
|p ric
|a Texas A&M University
|b Rellis Campus
|c Joint Library Facility
|d Remote Storage
|t 0
|e QP82.2.P6 E553
|h Library of Congress classification
|i unmediated -- volume
|k v.97
|l 1997
|m A14823291978
|
| 952 |
f |
f |
|p ric
|a Texas A&M University
|b Rellis Campus
|c Joint Library Facility
|d Remote Storage
|t 0
|e QP82.2.P6 E553
|h Library of Congress classification
|i unmediated -- volume
|k v.57 -v.58
|l 1989-1989
|m A14812018040
|
| 952 |
f |
f |
|p ric
|a Texas A&M University
|b Rellis Campus
|c Joint Library Facility
|d Remote Storage
|t 0
|e QP82.2.P6 E553
|h Library of Congress classification
|i unmediated -- volume
|k v.99
|l 1998
|m A14823641034
|
| 952 |
f |
f |
|p ric
|a Texas A&M University
|b Rellis Campus
|c Joint Library Facility
|d Remote Storage
|t 0
|e QP82.2.P6 E553
|h Library of Congress classification
|i unmediated -- volume
|k v.54
|l 1988
|m A14811635849
|
| 952 |
f |
f |
|p ric
|a Texas A&M University
|b Rellis Campus
|c Joint Library Facility
|d Remote Storage
|t 0
|e QP82.2.P6 E553
|h Library of Congress classification
|i unmediated -- volume
|k v.67
|l 1990
|m A14812946552
|
| 952 |
f |
f |
|p ric
|a Texas A&M University
|b Rellis Campus
|c Joint Library Facility
|d Remote Storage
|t 0
|e QP82.2.P6 E553
|h Library of Congress classification
|i unmediated -- volume
|k v.103
|l 1998
|m A14823892562
|
| 952 |
f |
f |
|p ric
|a Texas A&M University
|b Rellis Campus
|c Joint Library Facility
|d Remote Storage
|t 0
|e QP82.2.P6 E553
|h Library of Congress classification
|i unmediated -- volume
|k v.105
|l 1999
|m A14825275198
|
| 952 |
f |
f |
|p ric
|a Texas A&M University
|b Rellis Campus
|c Joint Library Facility
|d Remote Storage
|t 0
|e QP82.2.P6 E553
|h Library of Congress classification
|i unmediated -- volume
|k v.74
|l 1991
|m A14815529309
|
| 952 |
f |
f |
|p ric
|a Texas A&M University
|b Rellis Campus
|c Joint Library Facility
|d Remote Storage
|t 0
|e QP82.2.P6 E553
|h Library of Congress classification
|i unmediated -- volume
|k v.70
|l 1991
|m A14815156295
|
| 952 |
f |
f |
|p ric
|a Texas A&M University
|b Rellis Campus
|c Joint Library Facility
|d Remote Storage
|t 0
|e QP82.2.P6 E553
|h Library of Congress classification
|i unmediated -- volume
|k v107
|l 2000
|m A14826422764
|
| 952 |
f |
f |
|p ric
|a Texas A&M University
|b Rellis Campus
|c Joint Library Facility
|d Remote Storage
|t 0
|e QP82.2.P6 E553
|h Library of Congress classification
|i unmediated -- volume
|k v.71
|l 1991
|m A14815156342
|
| 952 |
f |
f |
|p ric
|a Texas A&M University
|b Rellis Campus
|c Joint Library Facility
|d Remote Storage
|t 0
|e QP82.2.P6 E553
|h Library of Congress classification
|i unmediated -- volume
|k v.59 -v.60
|l 1989-1989
|m A14812087201
|
| 952 |
f |
f |
|p ric
|a Texas A&M University
|b Rellis Campus
|c Joint Library Facility
|d Remote Storage
|t 0
|e QP82.2.P6 E553
|h Library of Congress classification
|i unmediated -- volume
|k v.115
|l 2001
|m A14828542764
|
| 998 |
f |
f |
|a QP82.2.P6 E553
|s v.101-121 (1998-2003)
|t 0
|l Remote Storage
|